[Event "Novi Sad ol (Men)"]
[Site "Novi Sad"]
[Date "1990.??.??"]
[Round "11"]
[White "Damljanovic, Branko"]
[Black "Chandler, Murray G"]
[Result "1/2-1/2"]
[WhiteElo "2515"]
[BlackElo "2560"]

1.d4 Nf6 2.Nf3 e6 3.c4 b6 4.g3 Ba6 5.b3 d5 6.cxd5 exd5 7.Bg2 Bb4+ 8.Bd2 Bxd2+
9.Qxd2 O-O 10.Nc3 Re8 11.Ne5 c5 12.f4 Bb7 13.dxc5 Qe7 14.Nxd5 Nxd5 15.Bxd5 Rd8
16.Bxf7+ Kf8 17.Qc2 Bxh1 18.Qxh7 Qf6 19.g4 bxc5 20.g5 Qd6 21.Qf5 Be4 22.Qxe4 Nd7
23.Nxd7+ Qxd7 24.Be6 Qd2+ 25.Kf1 Qd4 26.Qf5+ Ke7 27.Qf7+ Kd6 28.Re1 Kc6 29.Bg4 Kb6
30.Bf3 Rab8 31.e3 Qd3+ 32.Kg2 Re8 33.Qxg7 Rxe3 34.Qf6+ Ka5 35.Rxe3 Qxe3 36.Qd6 Rb6
37.Qc7 Qd2+ 38.Kh3 Qf2 39.Qxa7+ Ra6 40.Qc7+ Kb4 41.Qb7+ Kc3 42.Qxa6 Qxf3+
43.Kh4 Qxf4+ 44.Kh5 Qxh2+ 45.Kg6 Kb2 46.Qe6 Ka3 47.Qa6+ Kb2 48.Qe6 Ka3 49.Qd5 Qc7
50.Kf6 Kxa2 51.g6 Qf4+ 52.Ke7 Qc7+ 53.Qd7 Qe5+ 54.Qe6 Qc7+ 55.Kf8 Qd8+ 56.Kf7 Qc7+
57.Ke8 Ka3 58.Qf7 Qc8+ 59.Ke7 Qc7+ 60.Ke6 Qb8 61.Kf5 Qc8+ 62.Qe6 Qf8+ 63.Ke4 Qd8
64.Qa6+ Kb2 65.Qe2+ Ka3 66.Qd3 Qg5 67.Kf3 Qf6+ 68.Kg4 Qe6+ 69.Kh5 Qe5+ 70.Kh6 Qh8+
71.Kg5 Qe5+ 72.Kg4 Qe6+ 73.Qf5 Qe2+ 74.Qf3 Qe6+ 75.Kg5 Qe5+ 76.Qf5 Qe7+ 77.Kf4 Qd6+
78.Kg4 Qd4+ 79.Qf4 Qd3 80.Qf7 Qe4+ 81.Kg5 Qe5+ 82.Qf5 Qe7+ 83.Kh5 Qe2+ 84.Kh6 Qh2+
85.Qh5 Qd6 86.Qh3 Qf4+ 87.Kh7 Qe4 88.Qg3 Qh1+ 89.Kg7 Qb7+ 90.Kf8 Qc8+ 91.Ke7 Qb7+
92.Ke6 Qc6+ 93.Qd6 Qe4+ 94.Kd7 Kxb3 95.g7 Qb7+ 96.Qc7 Qd5+ 97.Kc8 Qg8+ 98.Kb7 c4
99.Qb6+ Kc2 100.Qf2+ Kb3 101.Qb6+ Ka2 102.Qf2+ Kb3 103.Qf8 Qd5+ 104.Kc7 Qe5+
105.Kd7 Qd5+ 106.Ke7 Qe5+ 107.Kf7 Qf5+ 108.Kg8 Qd5+ 109.Qf7 Qxf7+ 110.Kxf7 c3
111.g8=R c2 112.Rb8+  1/2-1/2

[Event "Paris-ch"]
[Site "Paris"]
[Date "1990.??.??"]
[Round "?"]
[White "Andruet, Gilles"]
[Black "Razuvaev, Yuri S"]
[Result "1/2-1/2"]
[WhiteElo "2355"]
[BlackElo "2545"]

1.d4 Nf6 2.c4 e6 3.Nf3 b6 4.g3 Ba6 5.b3 Bb4+ 6.Bd2 Be7 7.Bg2 O-O 8.O-O d5
9.cxd5 exd5 10.Nc3 Bb7 11.Qc2 a5 12.Rad1 Na6 13.Bc1 Nb4 14.Qb1 Ne4 15.Bb2 Nxc3
16.Bxc3 a4 17.a3 Nc6 18.b4 Na7 19.Qd3 Qe8 20.Bd2 Nb5 21.Ng5 Bxg5 22.Bxg5 Nd6
23.Rfe1 Ba6 24.Qc3 Bc4 25.e4 Nb5 26.Qc1 Qd7 27.e5 Qf5 28.h4 Rae8 29.Re3 h6
30.g4 Qe6 31.Bf4 f5 32.gxf5 Qxf5 33.Bg3 Qg4 34.Qd2 c6 35.f4 Nd6 36.exd6 Rxe3
37.Qxe3 Qxd1+ 38.Kh2 Qc2 39.Qe6+ Kh7 40.Kg1 Qg6 41.Qxg6+ Kxg6 42.h5+ Kxh5
43.Bf3+ Kg6 44.Bh4 Kf5 45.Be7 Ra8 46.d7 Kxf4 47.Kf2 g5 48.d8=Q Rxd8 49.Bxd8 g4
50.Bc7+ Kf5 51.Bd1 Bb3 52.Be2 Bc4 53.Bd1 Bb3  1/2-1/2

[Event "URS-chT"]
[Site "Podolsk"]
[Date "1990.??.??"]
[Round "?"]
[White "Kuzmin, Alexey"]
[Black "Kabatianski, Alexandr"]
[Result "1-0"]
[WhiteElo "2495"]
[BlackElo "2350"]

1.d4 Nf6 2.c4 e6 3.Nf3 b6 4.g3 Ba6 5.b3 Bb4+ 6.Bd2 Be7 7.Bg2 c6 8.Bc3 d5
9.Ne5 Nfd7 10.Nxd7 Nxd7 11.Nd2 O-O 12.O-O Nf6 13.e4 dxe4 14.Nxe4 Rc8 15.Qc2 b5
16.Bb2 Qc7 17.c5 b4 18.Rfe1 Nxe4 19.Bxe4 h6 20.Bc1 Qd7 21.Be3 Rfd8 22.Rad1 Bb5
23.h4 a5 24.Bf4 Rf8 25.Qc1 Rce8 26.Qe3 Bd8 27.Bc2 Bc7 28.Qe4 f5 29.Qe3 Bxf4
30.Qxf4 Rd8 31.Re5 Rf6 32.Rd2 Qf7 33.Re1 Kh8 34.Ra1 Qd7 35.a3 Rg6 36.a4 Rg4
37.Qe3 Ba6 38.Re1 Bc8 39.f4 g5 40.hxg5 hxg5 41.Bd1 gxf4 42.Qe5+ Rg7 43.Qxf4 Qc7
44.Re5 Kg8 45.Bf3 Rf8 46.Rh2 Rff7 47.Rh4 Bd7 48.Kf2 Qd8 49.Re1 Qf6 50.Qb8+ Rf8
51.Qd6 Qe7 52.Reh1 Qxd6 53.cxd6 Kf7 54.Rh6 Rfg8 55.Bh5+  1-0

[Event "URS-chT"]
[Site "Podolsk"]
[Date "1990.??.??"]
[Round "?"]
[White "Kuzmin, Alexey"]
[Black "Poluljahov, Aleksandr"]
[Result "0-1"]
[WhiteElo "2495"]
[BlackElo "2370"]

1.d4 Nf6 2.c4 e6 3.Nf3 b6 4.g3 Ba6 5.b3 Bb4+ 6.Bd2 Be7 7.Bg2 d5 8.cxd5 exd5
9.O-O O-O 10.Nc3 Bb7 11.Qc2 Na6 12.Rfd1 Qc8 13.Bg5 Qe6 14.Bxf6 Bxf6 15.Rac1 Rfe8
16.e3 Rad8 17.Ne1 c6 18.Nd3 Qd6 19.Bh3 Nb4 20.Nxb4 Qxb4 21.Ne2 Bc8 22.Bxc8 Rxc8
23.Nf4 Qd6 24.b4 g6 25.Qa4 Qd7 26.Rc3 Rc7 27.Qb3 b5 28.Rdc1 Rec8 29.a4 a6
30.Nd3 Be7 31.Ra1 Bd6 32.Nc5 Bxc5 33.Rxc5 h5 34.f3 Qh3 35.Qc2 h4 36.Qg2 Qe6
37.Rc3 a5 38.axb5 axb4 39.Rxc6 Rxc6 40.bxc6 Qxe3+ 41.Qf2 Qc3 42.Re1 h3 43.Qe3 Qxc6
44.g4 Qf6 45.Rf1 Rc2 46.Rf2 Rc3  0-1

[Event "URS-chT"]
[Site "Podolsk"]
[Date "1990.??.??"]
[Round "?"]
[White "Neverovsky, G."]
[Black "Aseev, Konstantin N"]
[Result "1-0"]
[WhiteElo "2310"]
[BlackElo "2545"]

1.Nf3 Nf6 2.c4 b6 3.d4 e6 4.g3 Ba6 5.b3 Bb4+ 6.Bd2 Be7 7.Bg2 d5 8.cxd5 exd5
9.O-O O-O 10.Nc3 Bb7 11.Rc1 Na6 12.Ne5 h6 13.Qc2 Qc8 14.Qb2 c5 15.Be3 Qf5
16.Nd3 Ne4 17.Nf4 Nxc3 18.Qxc3 Rfd8 19.Rfd1 g5 20.Nh5 Qg6 21.g4 Bc8 22.h3 Be6
23.dxc5 Nxc5 24.Bd4 Rac8 25.Qe3 Ne4 26.f3 Nd6 27.Qe5 Kh7 28.e3 Nb5 29.Ba1 Bd6
30.Qf6 Bc5 31.Rxc5 bxc5 32.Bf1 Qxf6 33.Nxf6+ Kg7 34.Bxb5 Kf8 35.Ba6 Rc6 36.Bb7 Rb6
37.Bxd5 Bxd5 38.Nxd5 Ra6 39.Rd2 Rc6 40.e4 c4 41.Rc2 Rdc8 42.b4 Ra6 43.Kf2 Ra3
44.Bd4 Ke8 45.Bc5 Kd7 46.Ne3  1-0

[Event "URS-ch (Women)"]
[Site "Podolsk"]
[Date "1990.??.??"]
[Round "4"]
[White "Shumiakina, Tatiana"]
[Black "Tazhieva, Lyazzat"]
[Result "1-0"]
[WhiteElo "2230"]
[BlackElo "2200"]

1.d4 Nf6 2.Nf3 e6 3.c4 b6 4.g3 Ba6 5.Qb3 d5 6.cxd5 Qxd5 7.Qc2 Nc6 8.Nc3 Bb4
9.Bd2 Bxc3 10.bxc3 O-O 11.Bg2 Qc4 12.O-O Qxe2 13.Rfe1 Qc4 14.Bf1 Qd5 15.Bxa6 Qxf3
16.Bf1 Ne7 17.Bg2 Qh5 18.Bxa8 Rxa8 19.Kg2 Qd5+ 20.f3 c5 21.c4 Qxd4 22.Rad1 Qd7
23.Bg5 Qe8 24.Qc3 Nd7 25.Qd2 Nf8 26.h4 Nc6 27.Qd3 f6 28.Be3 Qg6 29.Qb3 Qf7
30.Rd6 Rc8 31.Red1 h6 32.Qb5 Qc7 33.R6d3 e5 34.f4 Nd4 35.Bxd4 exd4 36.Re1 Kf7
37.Rd2 Qc6+ 38.Qxc6 Rxc6 39.Rde2 Re6 40.Kf3 f5 41.Rxe6 Nxe6 42.Re5 Kf6 43.Rd5 Nf8
44.Rd8 Ke7 45.Rd5 Nd7 46.Rxf5 Ke6 47.Rd5 a6 48.a4 Ke7 49.g4 Nf6 50.Re5+ Kd6
51.g5 hxg5 52.Rxg5 Ne8 53.Rg6+ Kc7 54.Ke2 b5 55.cxb5 axb5 56.axb5 Nd6 57.Rxg7+ Kb6
58.Rg6  1-0

[Event "Prague Mladi op"]
[Site "Prague"]
[Date "1990.??.??"]
[Round "8"]
[White "Titov, German"]
[Black "Kiselev, Sergey"]
[Result "1/2-1/2"]
[WhiteElo "2460"]
[BlackElo "2450"]

1.Nf3 Nf6 2.c4 e6 3.d4 b6 4.g3 Ba6 5.b3 Bb4+ 6.Bd2 Be7 7.Bg2 c6 8.Bc3 d5
9.Ne5 Nfd7 10.Nxd7 Nxd7 11.Nd2 O-O 12.O-O Bb7 13.e4 dxe4 14.Nxe4 Qc7 15.Qe2 Rfd8
16.Rfe1 c5 17.d5 exd5 18.cxd5 Bxd5 19.Ng5 Bxg5 20.Bxd5 Rab8 21.Bxf7+ Kh8
22.Qh5 Bf6 23.Bg6 h6 24.Bxf6 Nxf6 25.Qf3 Qb7 26.Qe2 Rd5 27.Rad1 Rxd1 28.Rxd1 Qc7
29.Rd3 Rd8 30.Re3 Qd6 31.Re7 Qd1+ 32.Qxd1 Rxd1+ 33.Kg2 Rd7 34.Re6 Kg8 35.g4 Kf8
36.h4 Re7 37.Rc6 Rd7 38.Rc8+ Ke7 39.Bf5 Rb7 40.g5 hxg5 41.hxg5 Ne8 42.Bg4 Rc7  1/2-1/2

[Event "CRO-Cup"]
[Site "Pula"]
[Date "1990.??.??"]
[Round "?"]
[White "Tosic, Miroslav"]
[Black "Stefanovski, Dusko"]
[Result "1/2-1/2"]
[WhiteElo "2375"]
[BlackElo "2315"]

1.d4 Nf6 2.c4 e6 3.Nf3 b6 4.g3 Ba6 5.b3 b5 6.Bg2 bxc4 7.Ne5 Bb4+ 8.Kf1 d5
9.bxc4 O-O 10.Bd2 Bd6 11.cxd5 Nxd5 12.Nc3 c6 13.Qa4 Bxe5 14.dxe5 Qb6 15.Rd1 Qb2
16.Qb3 Qxb3 17.axb3 Nd7 18.Ra1 Bb7 19.f4 Nc5 20.Nxd5 cxd5 21.Be3 Rfc8 22.Kf2 d4
23.Bxd4 Bxg2 24.Kxg2 Nxb3 25.Ra4 Rc2 26.Kf2 Nc1 27.Rxa7 Rxa7 28.Bxa7 Nxe2
29.Ke3 h5 30.Rd1 Nc3 31.Kd3 Ra2 32.Kxc3  1/2-1/2

[Event "Pula op"]
[Site "Pula"]
[Date "1990.??.??"]
[Round "3"]
[White "Sideif Sade, Fikret I"]
[Black "Anastasian, Ashot"]
[Result "0-1"]
[WhiteElo "2380"]
[BlackElo "2490"]

1.d4 Nf6 2.Nf3 e6 3.c4 b6 4.g3 Ba6 5.b3 Bb4+ 6.Bd2 Be7 7.Nc3 d5 8.Bg2 c6
9.Ne5 Nfd7 10.Nxd7 Nxd7 11.O-O O-O 12.Rc1 dxc4 13.bxc4 Bxc4 14.Bxc6 Rc8 15.Qa4 Nb8
16.Qxc4 Nxc6 17.e3 Qd7 18.Rfd1 Qb7 19.Qe2 Rfd8 20.Be1 Ba3 21.Rb1 Bf8 22.Na4 Rc7
23.Nc5 Qa8 24.Nb3 Rdc8 25.Qf3 b5 26.Na5 a6 27.Rbc1 Bd6 28.Kg2 g6 29.Nxc6 Rxc6
30.Rxc6 Qxc6 31.d5 exd5 32.Qxd5 Kf8 33.Ba5 Ke7 34.Qxc6 Rxc6 35.Rd2 Ke6 36.Kf3 Rc4
37.Ke2 h5 38.h4 Rc1 39.Kd3 Be5 40.Bb6 Rc6 41.Ba7 a5 42.e4 f5 43.Ke3 fxe4
44.Kxe4 b4 45.Bd4 Bxd4 46.Kxd4 Rd6+ 47.Ke3 Rxd2 48.Kxd2 Kd5 49.Kd3 a4 50.f3 Kc5
51.g4 Kd5 52.gxh5 gxh5 53.f4 a3  0-1

[Event "Rimavska Sobota"]
[Site "Rimavska Sobota"]
[Date "1990.??.??"]
[Round "2"]
[White "Lechtynsky, Jiri"]
[Black "Bandza, Algirdas"]
[Result "1/2-1/2"]
[WhiteElo "2430"]
[BlackElo "2380"]

1.d4 Nf6 2.Nf3 e6 3.c4 b6 4.g3 Ba6 5.Nbd2 Bb4 6.Qa4 c5 7.a3 Bxd2+ 8.Bxd2 cxd4
9.Bg2 Bb7 10.O-O Bc6 11.Qd1 O-O 12.Bb4 Re8 13.Qxd4 Bxf3 14.Bxf3 Nc6 15.Qd6 Rc8
16.b3 Nxb4 17.axb4 Qc7 18.Rfd1 Qxd6 19.Rxd6 Rc7 20.b5 Kf8 21.e3 Nd5 22.Bxd5 Ke7
23.Rxd7+ Rxd7 24.Bc6 Rc7 25.Bxe8 Kxe8 26.Rd1 Ke7 27.Kg2 Rc8 28.Kf3 Rc7 29.Ke4 Rc8
30.f4 g6 31.Ra1 Rc7 32.Kd4 Rd7+ 33.Kc3 Kd8 34.Ra2 Kc8 35.Rd2 Re7 36.Rd6 Kc7
37.Rd2 e5 38.f5 gxf5 39.Rf2 f4 40.exf4 exf4 41.Rxf4 Kd6 42.Kd4 Rd7 43.Re4 f5
44.Re5 Rf7 45.Re3 Rg7 46.h3 h5 47.b4 h4 48.gxh4 Rh7 49.c5+ Kc7 50.Kd5 f4
51.Re5 Rf7 52.Ke6 Rf8 53.Ke7 Rh8 54.Rf5 Rh7+ 55.Ke6 Rxh4 56.Rf7+ Kb8 57.Kd7 Rh8
58.Kc6 Rd8 59.Rxf4 Rc8+ 60.Kd6 Rd8+ 61.Ke6 Rd1 62.Rf8+ Kc7 63.Rf7+ Kb8  1/2-1/2

[Event "Santa Clara"]
[Site "Santa Clara"]
[Date "1990.??.??"]
[Round "12"]
[White "Garcia Gonzales, Guillermo"]
[Black "Herrera, Irisberto"]
[Result "1-0"]
[WhiteElo "2500"]
[BlackElo "2410"]

1.d4 Nf6 2.Nf3 e6 3.c4 b6 4.g3 Ba6 5.b3 Bb4+ 6.Bd2 Be7 7.Bg2 c6 8.Bc3 d5
9.Ne5 Nfd7 10.Nxd7 Nxd7 11.Nd2 O-O 12.O-O Nf6 13.e4 b5 14.Re1 Rc8 15.e5 Ne8
16.c5 Rc7 17.Ba5  1-0

[Event "Sas van Gent"]
[Site "Sas van Gent"]
[Date "1990.??.??"]
[Round "4"]
[White "Kraidman, Yair"]
[Black "Grooten, Herman"]
[Result "0-1"]
[WhiteElo "2415"]
[BlackElo "2365"]

1.d4 Nf6 2.c4 e6 3.Nf3 b6 4.g3 Ba6 5.Nbd2 Bb4 6.Qc2 c5 7.Bg2 Nc6 8.dxc5 Bxc5
9.O-O Rc8 10.b3 d5 11.Bb2 dxc4 12.bxc4 O-O 13.Rad1 Qe7 14.Bxf6 gxf6 15.Ne4 f5
16.Nxc5 Qxc5 17.Qd2 Qe7 18.Qf4 Rfd8 19.g4 fxg4 20.Ng5 Nd4 21.Qxg4 f5 22.Qh5 Bxc4
23.Rxd4 Rxd4 24.Bf3 Qg7 25.Kh1 Rcd8 26.e3 Bxf1 27.exd4 Bc4 28.Nxh7 Qxd4 29.Qg6+ Kh8
30.Nf6 Qa1+ 31.Kg2 Bf1+ 32.Kg3 Qe5+ 33.Kh4 Qf4+ 34.Bg4 Qxf2+ 35.Kg5 Qd2+
36.Kh5 Qxh2+ 37.Kg5 fxg4 38.Qf7 Qe5+ 39.Kh4 Bd3 40.Qe7 Rc8 41.Nxg4 Qe1+  0-1

[Event "Wch U18"]
[Site "Singapore"]
[Date "1990.??.??"]
[Round "?"]
[White "Seres, Lajos"]
[Black "Jones, Lee"]
[Result "0-1"]
[WhiteElo "2400"]
[BlackElo "2210"]

1.d4 Nf6 2.Nf3 e6 3.c4 b6 4.g3 Ba6 5.Qa4 Be7 6.Bg2 c6 7.Nc3 O-O 8.O-O d5
9.Ne5 Qe8 10.b4 Bxc4 11.Nxc4 b5 12.Qa5 bxc4 13.e4 Qd8 14.Qa4 Qb6 15.Be3 Qxb4
16.Qc2 Na6 17.e5 Nd7 18.Rab1 Qa3 19.f4 Nb4 20.Qd2 Nd3 21.f5 exf5 22.Bh3 g6
23.g4 f4 24.Rxf4 Bb4 25.Rxb4 Nxf4 26.Bxf4 Qxb4 27.g5 Qe7 28.Qe3 Rfe8 29.Bg4 Nf8  0-1

[Event "Wch U18"]
[Site "Singapore"]
[Date "1990.??.??"]
[Round "?"]
[White "Koch, Jean Rene"]
[Black "Kogan, Artur"]
[Result "1-0"]
[WhiteElo "2425"]
[BlackElo "2335"]

1.d4 Nf6 2.Nf3 e6 3.c4 b6 4.g3 Ba6 5.b3 Bb7 6.Bg2 Bb4+ 7.Bd2 a5 8.O-O O-O
9.Bf4 d5 10.c5 a4 11.a3 axb3 12.Qxb3 Ba5 13.Rc1 Ba6 14.Ne5 Nfd7 15.e4 Nxe5
16.Bxe5 Bc4 17.Qd1 f6 18.Bf4 bxc5 19.exd5 Bxd5 20.Bxd5 Qxd5 21.Rxc5 Qd7 22.Nc3 Bb6
23.Rc4 Ra5 24.a4 Rd8 25.Qf3 Qf7 26.Be3 Nd7 27.Rc1 Rf5 28.Qe4 Nf8 29.Nb5 Rd7
30.Bf4 Rfd5 31.Bxc7 Rxb5 32.axb5 Bxc7 33.Qc6 Ba5 34.b6 Rb7 35.Ra1 Bd2 36.Ra8 g5
37.Rxf8+ Kxf8 38.Qc8+ Kg7 39.Qxb7 Qxb7 40.Rc7+  1-0

[Event "Hungaroil"]
[Site "Siofok"]
[Date "1990.??.??"]
[Round "9"]
[White "Horvath, Csaba"]
[Black "Gurevich, Vladimir"]
[Result "1/2-1/2"]
[WhiteElo "2480"]
[BlackElo "2450"]

1.d4 Nf6 2.c4 e6 3.Nf3 b6 4.g3 Ba6 5.Qa4 Bb7 6.Bg2 c5 7.dxc5 bxc5 8.Nc3 Be7
9.O-O O-O 10.Rd1 Qb6 11.Bf4 d6 12.Rd2 h6 13.Qb3 Nbd7 14.Rad1 d5 15.cxd5 Qxb3
16.axb3 Nxd5 17.Ne5 Nxe5 18.Bxe5 Nxc3 19.bxc3 Bxg2  1/2-1/2

[Event "Rilton Cup"]
[Site "Stockholm"]
[Date "1990.??.??"]
[Round "5"]
[White "Bator, Robert"]
[Black "Vyzmanavin, Alexey"]
[Result "0-1"]
[WhiteElo "2355"]
[BlackElo "2585"]

1.d4 Nf6 2.Nf3 e6 3.c4 b6 4.g3 Ba6 5.Qa4 Bb7 6.Bg2 c5 7.O-O Be7 8.Nc3 cxd4
9.Nxd4 Bxg2 10.Kxg2 Qc7 11.f3 a6 12.Be3 O-O 13.Rac1 Rc8 14.Qd1 d6 15.b3 Nbd7
16.Bf2 Qb7 17.e4 Bf8 18.Qe2 Re8 19.h3 Rac8 20.Kh2 g6 21.Rfd1 Bg7 22.Qf1 h5
23.Nde2 Qb8 24.Be3 b5 25.cxb5 axb5 26.Nd4 b4 27.Na4 d5 28.exd5 Nxd5 29.Bf2 h4
30.Rxc8 Rxc8 31.Qe1 Be5 32.f4 hxg3+ 33.Bxg3 Bxf4 34.Ne2 Rc2 35.Rd3 Ne5  0-1

[Event "Rilton Cup"]
[Site "Stockholm"]
[Date "1990.??.??"]
[Round "8"]
[White "Vyzmanavin, Alexey"]
[Black "Hellers, Ferdinand"]
[Result "1-0"]
[WhiteElo "2585"]
[BlackElo "2520"]

1.d4 Nf6 2.c4 e6 3.Nf3 b6 4.g3 Ba6 5.b3 Bb4+ 6.Bd2 Be7 7.Nc3 O-O 8.Qc2 d5
9.cxd5 Nxd5 10.Bg2 c5 11.O-O Nc6 12.Nxd5 exd5 13.Bc3 Bf6 14.Rfd1 Qe7 15.e3 Rac8
16.Qb2 Rfd8 17.Rac1 cxd4 18.Nxd4 Ne5 19.Qd2 Nd3 20.Rc2 Nc5 21.Bb2 Ne4 22.Qc1 Rxc2
23.Qxc2 Rc8 24.Qb1 Re8 25.Re1 g6 26.Qd1 Bg7 27.Nc6 Qc5 28.Bxg7 Kxg7 29.Qa1+ Kg8
30.Rc1 Qd6 31.Qd4 Bb7 32.Nxa7 Qa3 33.Rc7 Qxa7 34.Bxe4 dxe4 35.Qd7 Rf8 36.a4 Qa5
37.Rxb7 Qc5 38.Kg2 h5 39.h4 Kg7 40.Qe6 b5  1-0

[Event "SWZ-GP"]
[Site "?"]
[Date "1990.??.??"]
[Round "7"]
[White "Nemet, Ivan"]
[Black "Huss, Andreas"]
[Result "1-0"]
[WhiteElo "2415"]
[BlackElo "2345"]

1.d4 e6 2.Nf3 Nf6 3.c4 b6 4.g3 Ba6 5.Nbd2 Bb4 6.Qc2 Bb7 7.Bg2 Be4 8.Qd1 O-O
9.O-O Bxd2 10.Bxd2 d6 11.b4 Qe7 12.a4 c5 13.dxc5 dxc5 14.b5 a5 15.Ra2 Nbd7
16.Bc3 Rad8 17.Qa1 Rfe8 18.Rd2 Ba8 19.Rd3 Be4 20.Re3 Ba8 21.Rd1 Ng4 22.Red3 f6
23.R1d2 Bxf3 24.Rxf3 Nde5 25.Rxd8 Rxd8 26.Rf4 Qd6 27.Bh3 Qd1+ 28.Qxd1 Rxd1+
29.Kg2 f5 30.Bxg4 Nxg4 31.Rf3 Kf7 32.Rd3 Rxd3 33.exd3 Nf6 34.Be5 Nd7 35.Bc7 e5
36.f4 exf4 37.gxf4 h6 38.h4 Kg6 39.Kf3 Kh5 40.Bd8 Kg6 41.Ke3 Kf7 42.d4 cxd4+
43.Kxd4 Ke6 44.h5 g6 45.hxg6 h5 46.g7 Kf7 47.Kd5 Kxg7 48.Kd6 Nc5 49.Bxb6 Nxa4
50.Bxa5 h4 51.Be1 h3 52.Bg3 Kg6 53.c5 Nc3 54.Kc6 Ne2 55.Bh2 Nd4+ 56.Kb6 Kh5
57.c6 Ne6 58.c7  1-0

[Event "SWZ-GP"]
[Site "?"]
[Date "1990.??.??"]
[Round "9"]
[White "Gheorghiu, Florin"]
[Black "Brunner, Lucas"]
[Result "1/2-1/2"]
[WhiteElo "2470"]
[BlackElo "2525"]

1.d4 Nf6 2.c4 e6 3.Nf3 b6 4.g3 Ba6 5.b3 Bb4+ 6.Bd2 Be7 7.Bg2 c6 8.Bc3 d5
9.Nbd2 O-O 10.O-O Nbd7 11.Re1 c5 12.e4 dxe4 13.Nxe4 Nxe4 14.Rxe4 Bb7 15.Re3 Nf6
16.Ne5 Bxg2  1/2-1/2

[Event "Sydney"]
[Site "Sydney"]
[Date "1990.??.??"]
[Round "6"]
[White "Johansen, Darryl K"]
[Black "Wong Meng Kong"]
[Result "1/2-1/2"]
[WhiteElo "2420"]
[BlackElo "2410"]

1.c4 Nf6 2.d4 e6 3.Nf3 b6 4.g3 Ba6 5.b3 Bb4+ 6.Bd2 Be7 7.Bg2 c6 8.Bc3 d5
9.Nbd2 Nbd7 10.Qc2 Bb7 11.O-O O-O 12.Rad1 Rc8 13.e4 Rc7 14.Rfe1 Qa8 15.e5 Ne8
16.cxd5 cxd5 17.Qb2 Ba6 18.Nb1 Rc6 19.Qd2 Nc7 20.Bb4 Qd8 21.Rc1 Nb8 22.Na3 Qd7
23.Nc2 Rc8 24.Bxe7 Qxe7 25.Nb4 Rxc1 26.Rxc1 Bb7 27.Bf1 Ne8 28.Rxc8 Bxc8 29.Qc3 Qc7
30.Qxc7 Nxc7 31.Ne1 a5 32.Nbc2 Ba6 33.f4 Bxf1 34.Kxf1 Nc6 35.Ke2 h5 36.Nd3 f6
37.a4 Kf7 38.b4 b5 39.axb5 Nxb5 40.bxa5 Nxa5 41.exf6 Nc3+ 42.Kf3 Kxf6 43.Ne5 Nb3
44.Ke3 Ne4 45.Ne1 Nbd2 46.N1f3 Nxf3 47.Kxf3 Nd2+ 48.Ke2 Ne4 49.Kf3 Nd2+  1/2-1/2

[Event "Toulouse op"]
[Site "Toulouse"]
[Date "1990.??.??"]
[Round "3"]
[White "Neidhardt, Claus Ulrich"]
[Black "Wells, Peter K"]
[Result "1/2-1/2"]
[WhiteElo "2305"]
[BlackElo "2410"]

1.d4 Nf6 2.c4 e6 3.Nf3 b6 4.g3 Ba6 5.Nbd2 Bb7 6.Bg2 c5 7.e4 cxd4 8.e5 Ne4
9.Nxe4 Bxe4 10.Qxd4 Bxf3 11.Bxf3 Nc6 12.Bxc6 dxc6 13.Qxd8+ Rxd8 14.Be3 Be7  1/2-1/2

[Event "Toulouse op"]
[Site "Toulouse"]
[Date "1990.??.??"]
[Round "3"]
[White "Salaun, Yann"]
[Black "Roos, Celine"]
[Result "0-1"]
[WhiteElo "2215"]
[BlackElo "2125"]

1.Nf3 Nf6 2.g3 e6 3.c4 b6 4.d4 Ba6 5.Bg2 Bxc4 6.Nfd2 Bd5 7.e4 Bb7 8.O-O d5
9.Nc3 Be7 10.Re1 O-O 11.e5 Nfd7 12.Qg4 g6 13.Nc4 Nc6 14.Bh6 dxc4 15.Bxf8 Qxf8
16.Bxc6 Bxc6 17.d5 exd5 18.Nxd5 Bxd5 19.Qxd7 Qd8 20.Qa4 c6 21.Rad1 b5 22.Qc2 Qc8
23.Qe2 Bb4 24.Rf1 Qf5  0-1

[Event "Warsaw Legion op"]
[Site "Warsaw"]
[Date "1990.??.??"]
[Round "?"]
[White "Titov, German"]
[Black "Kostyra, Stanislaw"]
[Result "1-0"]
[WhiteElo "2460"]
[BlackElo "2325"]

1.d4 Nf6 2.Nf3 e6 3.c4 b6 4.g3 Ba6 5.b3 Bb7 6.Bg2 Bb4+ 7.Bd2 c5 8.Bxb4 cxb4
9.O-O O-O 10.a3 Na6 11.Ne5 Bxg2 12.Kxg2 Qc7 13.e3 Qb7+ 14.Qf3 d5 15.Nd3 Ne4
16.Nxb4 Nxb4 17.axb4 a5 18.b5 Rfc8 19.Ra4 Rc7 20.h4 Rac8 21.Rc1 f5 22.Kg1 g5
23.hxg5 Nxg5 24.Qh5 Ne4 25.Qh6 Re8 26.Ra2 Rg7 27.Nd2 Rg6 28.Qh1 Nf6 29.cxd5 Nxd5
30.Rac2 Qe7 31.Nf3 Kg7 32.Ne5 Rh6 33.Qg2 Rf6 34.e4 fxe4 35.Qxe4 Rf5 36.Rc8 Ref8
37.Rxf8 Qxf8 38.Qg4+ Kh8 39.Qh4 Kg7 40.Rc2 Qb4 41.Qg4+ Kf6 42.Qh4+ Kg7 43.Qg4+ Kf6
44.Qe4 Qxb3 45.Rc6 Qxb5 46.Nd7+ Kg7 47.Qxe6 Qb1+ 48.Kg2 Rg5 49.Qh6+  1-0

[Event "Warsaw"]
[Site "Warsaw"]
[Date "1990.??.??"]
[Round "2"]
[White "Cvitan, Ognjen"]
[Black "Stempin, Pawel"]
[Result "1-0"]
[WhiteElo "2525"]
[BlackElo "2445"]

1.d4 Nf6 2.c4 e6 3.Nf3 b6 4.g3 Ba6 5.b3 Bb4+ 6.Bd2 Be7 7.Bg2 c6 8.Bc3 d5
9.Nbd2 Nbd7 10.O-O O-O 11.Re1 c5 12.e4 dxc4 13.Nxc4 Bb7 14.Nfe5 cxd4 15.Bxd4 b5
16.Nxd7 Nxd7 17.Ne3 Bc5 18.Rc1 Rc8 19.e5 Bxg2 20.Kxg2 Qb6 21.Bxc5 Nxc5 22.Qe2 Ne4
23.Qd3 Qb7 24.f3 Nc5 25.Qe2 Rfd8 26.Red1 Qb6 27.Qc2 a5 28.a3 Rxd1 29.Nxd1 Rc7
30.Qf2 Rc6 31.b4 axb4 32.axb4 Nd7 33.Qxb6 Rxb6 34.Rc8+ Nf8 35.Nc3 g5 36.Ne4 Kg7
37.Nxg5 Ng6 38.f4 h6 39.Ne4 Ra6 40.Nf6 Ra2+ 41.Kf3 Ne7 42.Re8 Ra7 43.h4 Rb7
44.Ra8 Rb6 45.g4 Rb7 46.Ke4 Rb6 47.Kd4 Rc6 48.Re8 Rc7 49.Rg8+  1-0

[Event "Washington op"]
[Site "Washington"]
[Date "1990.??.??"]
[Round "?"]
[White "Epishin, Vladimir"]
[Black "Delaune, Richard K"]
[Result "1-0"]
[WhiteElo "2550"]
[BlackElo "2360"]

1.d4 Nf6 2.c4 e6 3.Nf3 b6 4.g3 Ba6 5.b3 Bb4+ 6.Bd2 Be7 7.Bg2 c6 8.Bc3 d5
9.Nbd2 Nbd7 10.O-O O-O 11.Re1 Rc8 12.e4 dxe4 13.Nxe4 c5 14.Qe2 Bb7 15.Neg5 cxd4
16.Nxd4 Bxg2 17.Kxg2 Nc5 18.Rad1 Rc7 19.Kg1 Qc8 20.Nb5 Rd7 21.Qc2 Rfd8 22.Bxf6 Bxf6
23.Qxh7+ Kf8 24.Nd6 Rxd6 25.Rxd6 Bxg5 26.b4 Nb7 27.Qh8+ Ke7 28.Rdxe6+ Qxe6
29.Rxe6+ Kxe6 30.Qxg7 Be7 31.Qg4+ f5 32.Qe2+ Kf6 33.c5 Rf8 34.Qf3 Nd8 35.Qc3+ Kf7
36.Qe5 bxc5 37.Qxf5+ Ke8 38.Qh5+ Kd7 39.Qd5+ Kc7 40.bxc5 Nc6 41.h4 Rd8 42.Qf7 Rd7
43.Qf4+ Kd8 44.h5 Bxc5 45.Qc4  1-0

[Event "Wiesbaden op"]
[Site "Wiesbaden"]
[Date "1990.??.??"]
[Round "?"]
[White "Kallai, Gabor"]
[Black "Dautov, Rustem"]
[Result "1-0"]
[WhiteElo "2420"]
[BlackElo "2560"]

1.d4 Nf6 2.c4 e6 3.Nf3 b6 4.g3 Ba6 5.b3 Bb4+ 6.Bd2 Be7 7.Bg2 d5 8.cxd5 exd5
9.O-O O-O 10.Bc3 Nbd7 11.Bb2 Ne4 12.Nc3 Ba3 13.Qc2 Bxb2 14.Qxb2 Nxc3 15.Qxc3 Bxe2
16.Rfe1 Re8 17.Ne5 Nxe5 18.Rxe2 Ng4 19.Rxe8+ Qxe8 20.Bxd5 Rd8 21.Bf3 Qd7
22.Rc1 h5 23.h3 Nf6 24.Qxc7 Qxd4 25.Rd1 Qxd1+ 26.Bxd1 Rxd1+ 27.Kg2 Rd7 28.Qc6 Re7
29.g4 hxg4 30.hxg4 Kh7 31.Qd6 Rd7 32.Qf4 Kg8 33.Qb8+ Kh7 34.g5 Ng8 35.Qf8 g6
36.f4 Re7 37.Kf3 Kh8 38.Qd8 Kg7 39.a4 Kh7 40.Qd4 Rb7 41.Qd8 Re7 42.Qf8 Kh8
43.Kg4 Kh7 44.f5 gxf5+ 45.Kxf5 Kh8 46.b4 Kh7 47.Qd8 Kg7 48.Qd4+ Kh7 49.b5 Re6
50.Qd7 Re7 51.Qd8 Re6 52.Kg4 Re7 53.Kh5 Kg7 54.Qd4+ Kh7 55.Kh4 Kg6 56.Qd3+ Kg7
57.Kh5 Kh8 58.Qc3+ Kh7 59.Qd4 Re6 60.a5 Ne7 61.Qd7 Kg7 62.Qxa7 bxa5 63.Qxa5 Nd5
64.Qd2 Nb6 65.Qd4+ Kf8 66.Qd8+ Kg7 67.Kg4 Re4+ 68.Kf5 Re6 69.Kf4 Rg6 70.Ke4 Re6+
71.Kd4 Na4 72.Kc4 Nb6+ 73.Kc5 Na4+ 74.Kb4 Nb6 75.Qd4+ Kg6 76.Ka5 Nc8 77.Qd3+ Kxg5
78.Qd2+ Kh5 79.Qd1+ Kh4 80.Qd8+  1-0

[Event "Wiesbaden op"]
[Site "Wiesbaden"]
[Date "1990.??.??"]
[Round "?"]
[White "Dautov, Rustem"]
[Black "Lobron, Eric"]
[Result "1/2-1/2"]
[WhiteElo "2560"]
[BlackElo "2545"]

1.d4 Nf6 2.c4 e6 3.Nf3 b6 4.g3 Ba6 5.Qa4 Bb7 6.Bg2 c5 7.dxc5 Bxc5 8.O-O O-O
9.Nc3 Be7 10.Bf4 Na6 11.Rfd1 Qc8 12.Rac1 Nc5 13.Qc2 Nce4 14.Nd4 Nxc3 15.Qxc3 Bxg2
16.Kxg2 a6 17.Qf3 Ra7 18.g4 Qb7 19.Qxb7 Rxb7 20.f3 Rc8 21.e4 d6 22.Ne2 Rc6
23.b3 h6 24.h4 Ne8 25.Kg3 Rc8 26.Be3 Rbb8 27.g5 Bf8 28.f4 g6 29.Nd4 Rb7 30.f5 hxg5
31.hxg5 exf5 32.exf5 gxf5 33.Nxf5 Ng7 34.Nh6+ Kh7 35.Rh1 Kg6 36.Rcf1 f5 37.gxf6 Nh5+
38.Kf3 Bxh6 39.Rfg1+ Kxf6 40.Bd4+ Ke6 41.Rg6+ Kd7 42.Rxh5 Bf8 43.a4 Re8 44.Rh8 Kc6
45.b4 Rf7+ 46.Rf6 Rxf6+ 47.Bxf6 Kd7 48.Bd4 d5 49.b5 axb5 50.cxb5 Bc5 51.Rh7+ Kd6
52.Rh6+ Kd7 53.Rh7+ Kd6 54.Rh6+ Kd7 55.Bxc5 bxc5 56.a5 c4 57.Rh7+ Kd6 58.b6 Kc6
59.b7 Kb5 60.Rd7 Kxa5 61.Rxd5+ Kb6 62.Rd4 Kxb7  1/2-1/2

[Event "Aarhus op"]
[Site "Aarhus"]
[Date "1991.??.??"]
[Round "2"]
[White "Antonsen, Mikkel"]
[Black "Dokhoian, Yury"]
[Result "1/2-1/2"]
[WhiteElo "2250"]
[BlackElo "2540"]

1.d4 e6 2.c4 Nf6 3.Nf3 b6 4.g3 Ba6 5.b3 Bb4+ 6.Bd2 Be7 7.Bg2 O-O 8.Bc3 Bb7
9.O-O Na6 10.Nbd2 d5 11.Qc2 h6 12.Rfd1 Qc8 13.Rac1 c5 14.e3 Rd8 15.Qb2 dxc4
16.bxc4 Qc7 17.a4 Rac8 18.a5 cxd4 19.exd4 Nb8 20.axb6 axb6 21.Rb1 Nbd7 22.Bb4 Bxb4
23.Qxb4 Ne4 24.Nxe4 Bxe4 25.Rbc1 Qb7 26.Ne1 Rc7 27.c5 Rdc8 28.Rb1 Bxg2 29.Nxg2 Qf3
30.cxb6 Rb7 31.Ne1 Qe4 32.d5 exd5 33.Qd6 Nf6 34.Nd3 Qe6 35.Qb4 Rcb8 36.Nf4 Qd7
37.Rd4 Kh8 38.Nxd5 Rd8 39.Qc5 Nxd5 40.Rb5 Qe6 41.Rxd5 Qe1+ 42.Kg2 Qe4+ 43.Kg1 Rxd5
44.Qxd5  1/2-1/2

[Event "Aarhus op"]
[Site "Aarhus"]
[Date "1991.??.??"]
[Round "5"]
[White "Novikov, Igor A"]
[Black "Csom, Istvan"]
[Result "1/2-1/2"]
[WhiteElo "2545"]
[BlackElo "2480"]

1.d4 Nf6 2.c4 e6 3.Nf3 b6 4.g3 Ba6 5.b3 b5 6.cxb5 Bxb5 7.Bg2 Bb4+ 8.Bd2 a5
9.O-O Bc6 10.Bc1 O-O 11.Bb2 Qc8 12.a3 Be7 13.Nbd2 Qb7 14.Qc2 Bd5 15.Rfe1 Rc8  1/2-1/2